000 05476nab a22009617 4500
003 AR-RoUNA
022 _a0327-9022
040 _aAR-RoUNA
_bspa
041 _aspa
044 _aag
245 _aSumma+
260 _aBuenos Aires (Argentina):
_cDonn SA,
_b1993.
300 _a224 p. :
_bil. byn.
_bplanos
_c34X25 cm.
505 0 _tINDICE
505 0 _tSINGULARMENTE UNIVERSALES - PARAGUAY
505 0 _aFlorencia Rodríguez / Algunas casa paraguayas. p. 82
505 0 _aArq. Javier Corvalán Espínola / Casa en Surubí ' y Ma. Roque Alonzo (Paraguay, 2005). p. 84
505 0 _aSergio Fanego + Gabinete de arquitectura / Casa Fanego, Barrio Villa Aurelia, (Asunción, Paraguay, 2003) p. 90
505 0 _aArnaldo Acosta Adriana Vallet arqs. / Casa Cataldo (Asunción, Paraguay) 2004. p. 94
505 0 _aArq. Paola Moure / Vivienda A/B, Barrio Herrera, (Asunción, Paraguay, 2003). p. 96
505 0 _aJosé E.Cubilla L.arq. / Vivienda Pleasure Point, (San Bernandino, Paraguay, 2005). p. 100
505 0 _tEL CUBO Y EL MAR - CHILE
505 0 _aMauricio Pezo y Sofia Von Ellrichshausen (PVE Arquitectos) / Casa Poli, Calle Rapa Nui nº 1, Península de Coliumo (Chile). p.106
505 0 _tMIRADAS ORIENTADAS - CHILE
505 0 _aAlejandro Aravena, Jorge Christie, Víctor Oddó / Casa en Lago Pirehueico, X Región (Chile, 2004). p. 112
505 0 _tFRENTE A LA CORDILLERA - CHILE
505 0 _aRodrigo Duque Motta / Casa Duque, Colina del Mirador. (Santiago, Chile, 2003) p. 118
505 0 _tLA ESCALA DEL PAISAJE - CHILE
505 0 _aCristián Undurraga - Taller de arquitectura Undurraga & Devés / Casa El Mirador, Los Dominicos, (Santiago, Chile, 2002). p. 122
505 0 _tPANORAMA MARÍTIMO - PERÚ
505 0 _aRuth Alvarado Pflücker / Casa en playa Las Lomas Dos, Playa Las Lomas del Mar, Panamericana Sur Km, 122. (Lima, Perú). p. 128
505 0 _aRuth Alvarado Pflücker / Casa en Playa Blanca. (Lima, Perú, 2004). p.132
505 0 _tMIRADOR EN LA PLAYA - PERÚ
505 0 _aArq. Juan Carlos Doblado / Casa de Playa en Asia. (Perú, Cañete, 2004). p. 136
505 0 _aCarlos Eduardo Comas / El nombre de la cosa (Brasil). p.140
505 0 _aProcter - Rihl Christopher Procter, Fernando Rihl / Casa Lonja, (Porto Alegre), RS. p.140
505 0 _tREPENSAR LAS ALTURAS INTERIORES - ARGENTINA
505 0 _aAntonio Ledesma y Lucía Mazzaglia arqs. Alfred Fellinger (Interiores) / Casa MDG, Cannig. (Provincia de Buenos Aires). p.146
505 0 _tA LA MEDIDA DEL CLIENTE
505 0 _aCayetana Mercé y Luis O`Grady / En torno a la casa y la práctica profesional. p.154
505 0 _tBARRA ELEMENTAL
505 0 _aCristián Le Monnier, Paula Preiti Petrov, Francisco Zanada / Casa en Los Cardales. (Provincia de Buenos Aires). p.160
505 0 _tPRISMA SUSPENDIDO
505 0 _aEsteban Caram - Gustavo Robinsohn / Casa Familia Maiquez, Barrio privado Talar del Lago en General Pacheco. (Provincia de Buenos Aires). p.166
505 0 _tDOMÉSTICA INGRAVIDEZ
505 0 _aAlberto Varas & Asociados / Casa en Pilar, Club de Campo Km 50, Pilar (Provincia de Buenos Aires.) p.172
505 0 _tOTRA MIRADA A LA CASA OKS - ANTONIO BONET
505 0 _aFernando Diez / El fantasma de la Casa OKS. p.180
505 0 _aRoberto Lombardi / Extractos de una conversación con Mariano OKS. p.182
505 0 _aJorge Hampton / La Buña y el ladrillón, a propósito de las dos casa de Mariano OKS. p.183
505 0 _aRoberto Lombardi / La Casa Inhabitable ( un mito moderno). p.184
505 0 _tLOS PLANOS DE LA CASA OKS
505 0 _tOTRA MIRADA A LA CASA OKS - ANTONIO BONET
505 0 _aPablo Oks / Repetto 1253. p.190
505 0 _tANTONIO BONET - PABELLÓN CRISTALPLANO
505 0 _aMartha Levisman / Apuntes sobre el Pabellón ¨Cristalplano¨. p.194
505 0 _tDESDE EL PUEBLO - SANTA FE
505 0 _aDiego Arraigada / Tres casas de Gerardo Caballero. p.198
505 0 _aGerardo Caballero, Maite Fernández, Gerardo Bordi / Casa Frittegotto (Arequito). p.199
505 0 _aGerardo Caballero, Maite Fernández, Gerardo Bordi / Ampliación Casa Colmegna, Zona Rural. (Totoras) p.202
505 0 _aGerardo Caballero, Maite Fernández, Gerardo Bordi / Ampliación Casa Moriconi (Totoras) p.205
505 0 _aTomás Powell / Museo de la construcción. p.208
505 0 _tCONCURSO - PROTOTIPOS DE ACERO
505 0 _aPremio siderar de diseño y acero 2005. p.210
505 0 _aTrabajos seleccionados / Categoría estudiantes. p.211
505 0 _tOPINION - ECLECTICISMO, RECICLAJE Y PARODIA
505 0 _aNorberto Chaves / Con la excusa del edificio ¨Grand Bourg¨. p.212
505 0 _aRafael E. J. Iglesia / Balconeando. p.214
505 0 _aPablo Meninato / Tipología y proceso de diseño. p.215
505 0 _aRoberto Fernández / Elogio de la lentitud. p.218
505 0 _aRita Molinos y Mario Sabugo / Aquí nomás, en Tierra Santa. p.220
505 0 _aJosep Maria Montaner / Por una arquitectura ambiental. p.223
505 0 _tPOR UNA ARQUITECTURA AMBIENTAL
650 _aArquitectura contemporánea
650 _aViviendas en la playa
_927305
650 _aViviendas unifamiliares
_9926
651 4 _aPerú
773 0 _aSumma+
_dBuenos Aires, Argentina
_gNº80 (mayo-2006), p.224
_x0327-9022
908 _aImp
942 _2udc
_cART
945 _d2022-07-08
980 _6138
_aCarolina Rainero
_81
_gMaricel Allasia
999 _c12044
_d12044